000 00328nam a2200109 4500
008 180213b xxu||||| |||| 00| 0 eng d
245 _aGabay guro:
_beduc sec wishes celebration to reach far-flung regions.
260 _aPhilippines:
_bSun Star Davao,
_cc2017.
300 _apage 12.
650 0 _926428
_aTeachers.
942 _2ddc
_cPER
999 _c8603
_d8603